<?xml version="1.0" encoding="UTF-8"?>
<record
    xmlns:xsi="http://www.w3.org/2001/XMLSchema-instance"
    xsi:schemaLocation="http://www.loc.gov/MARC21/slim http://www.loc.gov/standards/marcxml/schema/MARC21slim.xsd"
    xmlns="http://www.loc.gov/MARC21/slim">

  <leader>00430    a2200133   4500</leader>
  <controlfield tag="001">ART_7326</controlfield>
  <controlfield tag="005">20260410161720.0</controlfield>
  <controlfield tag="008">260409a                                 </controlfield>
  <datafield tag="245" ind1="1" ind2="0">
    <subfield code="a">Competencias profesionales en la auditor&#xED;a externa</subfield>
  </datafield>
  <datafield tag="100" ind1="1" ind2=" ">
    <subfield code="a">Sanchez Henriquez, Jorge</subfield>
  </datafield>
  <datafield tag="700" ind1="1" ind2=" ">
    <subfield code="a">S&#xE1;las Avila, Jos&#xE9;</subfield>
  </datafield>
  <datafield tag="700" ind1="1" ind2=" ">
    <subfield code="a">Rodr&#xED;guez Bustamante, Carla</subfield>
  </datafield>
  <datafield tag="773" ind1="0" ind2=" ">
    <subfield code="t">Contabilidad y auditor&#xED;a</subfield>
    <subfield code="g">- A&#xF1;o 12, N&#xBA; 24 (dic. 2006)</subfield>
    <subfield code="w">REV1723</subfield>
  </datafield>
  <datafield tag="999" ind1=" " ind2=" ">
    <subfield code="c">16854</subfield>
    <subfield code="d">16854</subfield>
  </datafield>
</record>
